000 00318nam a22001337a 4500
008 250414b |||||||| |||| 00| 0 eng d
020 _a0874778247
050 _aHD6331
_b.R54
100 _aRIFKIN, Jeremy
245 _aThe End of Work
260 _aU.S.A
_bBill Clinton's
_c1995
300 _axviii, 350p.
942 _cBK
999 _c2970
_d2970